|
|
|
|
| LEADER |
02324nam a2200541 aa4500 |
| 001 |
nkc20102113870 |
| 003 |
CZ PrNK |
| 005 |
20100915081535.0 |
| 007 |
ta |
| 008 |
100624s2010 xr a e p 000 0 cze |
| 015 |
|
|
|a cnb002113870
|
| 020 |
|
|
|a 978-80-7231-704-2
|q (1. část :
|q brož.) :
|c Kč 76,00
|
| 020 |
|
|
|a 978-80-7231-715-8
|q (2. část :
|q brož.) :
|c Kč 80,00
|
| 035 |
|
|
|a (OCoLC)670479702
|
| 040 |
|
|
|a BOA001
|b cze
|d ABA001
|
| 072 |
|
7 |
|a 621
|x Strojírenství
|2 Konspekt
|9 19
|
| 072 |
|
7 |
|a 37.016
|x Učební osnovy. Vyučovací předměty. Učebnice
|2 Konspekt
|9 22
|
| 080 |
|
|
|a 621.8
|2 MRF
|
| 080 |
|
|
|a 744.4
|2 MRF
|
| 080 |
|
|
|a (075.8)
|2 MRF
|
| 100 |
1 |
|
|a Juříček, Ludvík,
|d 1954-
|7 xx0104260
|4 aut
|
| 245 |
1 |
0 |
|a Základy strojnictví a částí strojů I /
|c Ludvík Juříček, Radoslav Jež
|
| 250 |
|
|
|a Vyd. 1.
|
| 260 |
|
|
|a Brno :
|b Univerzita obrany,
|c 2010
|
| 300 |
|
|
|a 2 sv. (92 s., s. 94-192) :
|b il. ;
|c 30 cm
|
| 500 |
|
|
|a Nad názvem: Univerzita obrany, Fakulta vojenských technologií
|
| 500 |
|
|
|a Vročení 1. sv. v tiráži: 2009
|
| 500 |
|
|
|a Na obálce označení: S-3809 (1. část) a S-3809/2 (2. část)
|
| 500 |
|
|
|a 80 výt.
|
| 504 |
|
|
|a Obsahuje bibliografii
|
| 650 |
0 |
7 |
|a strojnictví
|7 ph116296
|2 czenas
|
| 650 |
0 |
7 |
|a strojní části
|7 ph126142
|2 czenas
|
| 650 |
0 |
7 |
|a technické kreslení
|7 ph116408
|2 czenas
|
| 650 |
0 |
9 |
|a machinery
|2 eczenas
|
| 650 |
0 |
9 |
|a machine parts
|2 eczenas
|
| 650 |
0 |
9 |
|a technical drawing
|2 eczenas
|
| 655 |
|
7 |
|a učebnice vysokých škol
|7 fd133772
|2 czenas
|
| 655 |
|
9 |
|a textbooks (higher)
|2 eczenas
|
| 700 |
1 |
|
|a Jež, Radomír
|7 mzk2010588200
|4 aut
|
| 710 |
2 |
|
|a Univerzita obrany.
|b Fakulta vojenských technologií
|7 olak2005266949
|
| 910 |
2 |
|
|a BOA001
|b 4-1245.555
|s 1-2
|
| 990 |
|
|
|a BK
|
| 995 |
|
|
|a 01
|
| 991 |
|
|
|b 201007
|c NOV
|e n
|
| 996 |
6 |
|
|b 2610443185
|c 4-1245.555
|d 1. část
|v 1
|l MZK
|r Sklad / do 1 hodiny
|n 3
|p p.v.
|w 001132179
|u 000010
|a 1
|e BOA001
|j MZK50
|s P
|
| 996 |
7 |
|
|b 2610443186
|c 4-1245.555
|d 1. část
|v 1
|l MZK
|r Sklad / do 1 hodiny
|n 9
|p p.v.
|w 001132179
|u 000020
|a 1
|e BOA001
|j MZK50
|s A
|
| 996 |
6 |
|
|b 2610443187
|c 4-1245.555
|d 2. část
|v 2
|l MZK
|r Sklad / do 1 hodiny
|n 1
|p p.v.
|w 001132179
|u 000030
|a 1
|e BOA001
|j MZK50
|s P
|
| 996 |
7 |
|
|b 2610443188
|c 4-1245.555
|d 2. část
|v 2
|l MZK
|r Sklad / do 1 hodiny
|n 10
|p p.v.
|w 001132179
|u 000040
|a 1
|e BOA001
|j MZK50
|s A
|